Statistics for Φαγητά που αρχίζουν από K #1 (με εικόνες)

Click here to take the quiz!

General Stats

  • This quiz has been taken 132 times
    (127 since last reset)
  • The average score is 12 of 16

Answer Stats

Answer% Correct
Κεράσι
98%
Καρύδα
97%
Κολοκύθα
95%
Κανέλα
95%
Καφές
94%
Κρέπα
94%
Καλαμάρι
93%
Κιμάς
93%
Κάστανο
88%
Κοκορέτσι
88%
Κρόκος
68%
Κουκουνάρι
62%
Κυδώνι
57%
Κόλιανδρος
37%
Κινόα
30%
Καραμπόλα
14%

Score Distribution

Percentile by Number Answered

Percent of People with Each Score

Your Score History

You have not taken this quiz since the last reset